<?xml version="1.0" encoding="UTF-8"?>
<marc:record xmlns:marc="http://www.loc.gov/MARC21/slim">
   <marc:leader>00000nam a2200000 a 4500</marc:leader>
   <marc:datafield ind1="1" ind2=" " tag="100">
      <marc:subfield code="a">Friend, Natasha</marc:subfield>
      <marc:subfield code="4">aut</marc:subfield>
      <marc:subfield code="e">Verfasser/-in</marc:subfield>
   </marc:datafield>
   <marc:datafield ind1="0" ind2="0" tag="245">
      <marc:subfield code="a">NO GAME - Jetzt ist Schluss mit Schweigen!</marc:subfield>
   </marc:datafield>
   <marc:datafield ind1="0" ind2="0" tag="245">
      <marc:subfield code="c">Natasha Friend</marc:subfield>
   </marc:datafield>
   <marc:datafield ind1=" " ind2="1" tag="264">
      <marc:subfield code="a">Bamberg</marc:subfield>
      <marc:subfield code="b">Magellan</marc:subfield>
      <marc:subfield code="c">2022</marc:subfield>
   </marc:datafield>
   <marc:datafield ind1=" " ind2=" " tag="250">
      <marc:subfield code="a">1. Auflage</marc:subfield>
   </marc:datafield>
   <marc:datafield ind1="1" ind2=" " tag="520">
      <marc:subfield code="a">Angaben aus der Verlagsmeldung &#xD;
&#xD;
 NO GAME - Jetzt ist Schluss mit Schweigen!  / von Natasha Friend&#xD;
&#xD;
Nora steht unter Schock. Obwohl sie keinen Tropfen Alkohol getrunken hat, wacht sie nach einem Jahrmarktbesuch halb nackt und vollkommen orientierungslos auf einem Golfplatz auf. Ein Mitschüler hat offenbar Schlimmeres verhindert, als er drei junge Männer in die Flucht geschlagen hat. Nora würde am liebsten alles vergessen, immerhin ist sie ja noch glimpflich davongekommen. Ihre beste Freundin Cam sieht das jedoch anders: Sie will, dass Nora an die Öffentlichkeit geht. Denn so ein Übergriff darf nicht ungestraft bleiben. Als klar wird, dass noch mehr Mädchen betroffen sind und eine Art perverses Spiel hinter den Vorkommnissen steckt, erkennt Nora schließlich: Das Schweigen muss gebrochen werden. Und so bringt eine Kampagne unter den Hashtags #nogame und #schlussmitschweigen die Kleinstadtidylle ins Wanken.&#xD;
&#xD;
Ein hochaktueller, emanzipierter Jugendroman über Empowerment, die #MeToo-Debatte und die zwiespältige Rolle der sozialen Medien dabei.</marc:subfield>
   </marc:datafield>
   <marc:datafield ind1=" " ind2=" " tag="020">
      <marc:subfield code="a">9783734850646</marc:subfield>
      <marc:subfield code="9">9783734850646</marc:subfield>
   </marc:datafield>
   <marc:datafield ind1=" " ind2=" " tag="020">
      <marc:subfield code="a">3734850649</marc:subfield>
      <marc:subfield code="9">3734850649</marc:subfield>
   </marc:datafield>
   <marc:datafield ind1=" " ind2=" " tag="041">
      <marc:subfield code="a">ger</marc:subfield>
   </marc:datafield>
   <marc:datafield ind1=" " ind2=" " tag="300">
      <marc:subfield code="a">368 Seiten</marc:subfield>
   </marc:datafield>
</marc:record>
